书目信息 |
| 题名: |
汽车底盘构造与维修一体化教程
|
|
| 作者: | 李丹 , 朱春龙 , 王怀强 主编 | |
| 分册: | ||
| 出版信息: | 沈阳 东北大学出版社 2015.05 |
|
| 页数: | 190页 | |
| 开本: | 29cm | |
| 丛书名: | ||
| 单 册: | ||
| 中图分类: | U463.103 , U472.41 , U463.1 | |
| 科图分类: | ||
| 主题词: | 汽车--底盘--结构--职业教育--教材 , 汽车--底盘--维修--职业教育--教材 | |
| 电子资源: | ||
| ISBN: | 978-7-5517-0969-9 | |
| 000 | 01036nam0 2200289 450 | |
| 001 | 5334 | |
| 005 | 20181015134047.15 | |
| 010 | @a978-7-5517-0969-9@dCNY39.60 | |
| 100 | @a20160113d2015 em y0chiy50 ea | |
| 101 | 0 | @achi |
| 102 | @aCN@b210000 | |
| 105 | @aa z 000yy | |
| 200 | 1 | @a汽车底盘构造与维修一体化教程@9qi che di pan gou zao yu wei xiu yi ti hua jiao cheng@b专著@f李丹,朱春龙,王怀强主编 |
| 210 | @a沈阳@c东北大学出版社@d2015.05 | |
| 215 | @a190页@c照片,图@d29cm | |
| 300 | @a全国职业教育“十二五”规划教材 汽车专业“项目一体化”创新型教材 | |
| 330 | @a本书分为传动系统的检修、行驶系统的检修、转向系统的检修、制动系统的检修等四个项目。 | |
| 606 | 0 | @a汽车@x底盘@x结构@x职业教育@j教材 |
| 606 | 0 | @a汽车@x底盘@x维修@x职业教育@j教材 |
| 690 | @aU463.103@v5 | |
| 690 | @aU472.41@v5 | |
| 690 | @aU463.1@v4 | |
| 701 | 0 | @a李丹@9li dan@c(汽车)@4主编 |
| 701 | 0 | @a朱春龙@9zhu chun long@c(汽车)@4主编 |
| 701 | 0 | @a王怀强@9wang huai qiang@4主编 |
| 801 | 0 | @aCN@b91MARC@c20160302 |
| 905 | @aMuseLib@dU463.1@e809 | |
| 汽车底盘构造与维修一体化教程/李丹,朱春龙,王怀强主编.-沈阳:东北大学出版社,2015.05 |
| 190页:照片,图;29cm |
| 全国职业教育“十二五”规划教材 汽车专业“项目一体化”创新型教材 |
| ISBN 978-7-5517-0969-9:CNY39.60 |
| 本书分为传动系统的检修、行驶系统的检修、转向系统的检修、制动系统的检修等四个项目。 |
| ● |
| 相关链接 |
|
|
|
|
正题名:汽车底盘构造与维修一体化教程
索取号:U463.1/809
 
预约/预借
| 序号 | 登录号 | 条形码 | 馆藏地/架位号 | 状态 | 备注 |
| 1 | 1129195 | 211291957 | 第二样本阅览室/ [索取号:U463.1/809] | 在馆 | |
| 2 | 1129196 | 211291966 | 密集书库-物理学院/ [索取号:U463.1/809] | 在馆 | |
| 3 | 1129197 | 211291975 | 第三借阅区/ [索取号:U463.1/809] | 在馆 | |
| 4 | 1129198 | 211291984 | 第三借阅区/ [索取号:U463.1/809] | 在馆 | |
| 5 | 1129199 | 211291993 | 第三借阅区/ [索取号:U463.1/809] | 在馆 |